00800nam a2200229 i 4500001000300000100003700003245005900040260003500099300003300134490002800167504005200195650004400247655003000291830002800321020001500349020002400364040000800388041000800396080002700404008004100431856009800472bg1 aSmyczyński, Tadeuszd(1938- ).10aPrawo rodzinne i opiekuńcze /cTadeusz Smyczyński. aWarszawa :bC. H. Beck,c1997. aXVIII, [2], 242 s. ;c21 cm.1 aPodręczniki Prawnicze aBibliogr. s. XVII-[XIX] i przy rozdz. - Indeks. 9aPrawo rodzinnezPolskaystan na 1996 r. aPodręczniki akademickie aPodręczniki Prawnicze a8371100701 a3406423426 (Niemcy) cBPK0 apol a347.61/.64(438)(075.8) s pl f |000 0 pol  uhttp://koha.tu.koszalin.pl/cgi-bin/koha/opac-detail.pl?biblionumber=33703yKatalog online BPK